000 00766nam a2200253 i 4500
001 C2-0218640
003 PPAK
005 20180728111006.0
008 990802s1996 nju |||| ||||| | eng d
020 _a0133416526
040 _aPPAK
_beng
_cPPAK
_erda
082 0 4 _a650.1
_2 23
090 0 0 _a650.1
_bFUL
_dG
100 1 _aFuller, George T.,
_eauthor
245 1 4 _aThe workplace survival guide :
_btools, tips and techniques for succeeding on the job
264 1 _aEnglewood Cliffs, New Jersey :
_bPrentice Hall ,
_c1996
300 _axv, 335 pages ;
_c25 cm
336 _2rdacontent
_atext
337 _2rdamedia
_aunmediated
338 _2rdacarrier
_avolume
500 _aIncludes index
650 1 0 _aVocational guidance ; Job hunting
942 _ddc
_cB
999 _c161434
_d161434